000 00649nam a2200193 a 4500
001 000024480
005 20200930023208.0
008 110128s2010 dr 000 0 spa d
020 _a9789945002690
040 _aDO-SdBNP
_bspa
_cBNPHU
082 _axxx
_bB562p
100 1 _aBentacourt Fernández, Liliana
_950182
245 1 0 _aPautas para la elaboración de un estudio de impacto ambiental /
_cLiliana Betancourt Fernández, Alejandro Herrera Moreno.
260 _aSanto Domingo :
_bPrograma Ecomar,
_c2010.
300 _a133 p. ;
_c22 cm.
504 _aBibliografías [p. 123-133]
700 1 _aHerrera Moreno, Alejandro
_99624
049 _aBNPD
999 _c23973
_d23973